Problemas de aprendizaje en el aula: prevención y tratamiento

Shranjeno v:
Bibliografske podrobnosti
Main Authors: Frostig, Marianne (Author), Marlow, Phyllis (Author)
Format: Knjiga
Jezik:španščina
Izdano: Buenos Aires Medica Panamericana 1984
Teme:
Oznake: Označite
Brez oznak, prvi označite!

MARC

LEADER 00000nam a2200000 a 4500
001 UCW4371
003 CL-VaPUC
008 900314e19840000AG |||||||||||||||||spa|d
082 0 4 |a 370.15  |b FRO  |2 21 
100 0 |a Frostig, Marianne  |e author  |9 309111 
700 0 |a Marlow, Phyllis  |e author  |9 309112 
245 1 0 |a Problemas de aprendizaje en el aula: prevención y tratamiento 
300 |a 328 p 
942 |c BK 
945 |d 19900314 00:00:00 
260 |a Buenos Aires  |b Medica Panamericana  |c 1984 
650 0 |a Psicología del niño  |9 307305 
650 0 |a Trastornos del aprendizaje  |9 307969 
650 7 |a FRACASO ESCOLAR  |2 CL-VaPUC  |9 308828 
583 |a last modification  |c 20130106 10:41:23  |k Rodrigo Vera 
999 |c 218133  |d 218131 
952 |0 0  |1 0  |4 0  |6 370_150000000000000_FRO_1984  |7 0  |8 R  |9 207122  |a BIBEDU  |b BIBEDU  |c MCIRC  |d 2019-11-15  |i 2748835  |o 370.15 FRO 1984  |p 2748835  |r 2023-01-13  |w 2019-11-15  |y BK_R  |k EDU 
952 |0 0  |1 0  |4 0  |6 370_150000000000000_FRO_1984  |7 0  |8 R  |9 207123  |a BIBEDU  |b BIBEDU  |c MCIRC  |d 2019-11-15  |i 2748843  |o 370.15 FRO 1984  |p 2748843  |r 2023-01-13  |w 2019-11-15  |y BK_R  |k EDU 
952 |0 0  |1 0  |4 0  |6 370_150000000000000_FRO_1984  |7 0  |8 R  |9 207124  |a BIBEDU  |b BIBEDU  |c MCIRC  |d 2019-11-15  |i 2748851  |o 370.15 FRO 1984  |p 2748851  |r 2023-01-13  |w 2019-11-15  |y BK_R  |k EDU